00756nam a2200169 a 450000500170000000800410001704000270005804100080008504400070009308200170010024501400011726000860025730000730034365000480041665000650046465000570052920161008165935.0161008b2015 ck ad|||r||||i00| 0 spa d aCO-BoIAVH cCO-BoIAVH 0 aspa ack04a304.25bP95i00aPrimer informe bienal de actualización de Colombia ante la Convención Marco de las Naciones Unidas sobre el Cambio Climático 2015 aBogotá, Colombia : bIDEAM : bPNUD : bMADS : bDNP : bCancillería, c2015. a244 páginas : bilustraciones a color y gráficas ; c28 x 22 cm.26aCambio climáticovinformezColombiay201526aMitigación del cambio climáticovinformezColombiay201526aGases de efecto invernaderovinformezColombiay2015